Statistiques concernant Alpes de Haute Provence + Alpes Maritimes = 50

Cliquez ici pour prendre le quiz!

Statistiques générales

  • Ce quiz a été pris 36 fois
    (24 depuis la dernière actualisation)
  • Le résultat moyen est 30 sur 50

Statistiques - réponses

Départements% Correct
Ain
96%
Aisne
83%
Loire
83%
Allier
78%
Hautes Alpes
78%
Aude
74%
Cher
74%
Isere
74%
Loiret
74%
Rhone
74%
Var
74%
Indre
70%
Lot
70%
Nord
70%
Savoie
70%
Ardeche
65%
Creuse
65%
Haute Savoie
65%
Indre et Loire
65%
Loir et Cher
65%
Marne
65%
Meuse
65%
Oise
65%
Drome
61%
Herault
61%
Orne
61%
Seine / Paris
61%
Tarn
61%
Eure
57%
Haute Loire
57%
Haute Marne
57%
Moselle
57%
Nievre
57%
Charente
52%
Charente Maritime
52%
Corse
52%
Eure et Loir
52%
Somme
52%
Haute Saone
48%
Landes
48%
Calvados
43%
Sarthe
43%
Vendée
43%
Cantal
39%
Meurthe et Moselle
39%
Maine et Loire
35%
Manche
35%
Val de Marne
30%
Val d'Oise
30%
Hauts de Seine
26%

Distribution des résultats

Percentile par nombre de réponses

% des personnes avec chaque résultat

Votre développement - résultats

Vous n’avez pas pris ce quiz depuis la dernière actualisation